Normale Ansicht MARC-Ansicht ISBD

Anonyme Helfer hören verzweifelten Menschen zu. (Titelsatznr. 371142)

[ MARC ]
MARC-Details
000 -Satzkennung
Kontrollfeld mit fester Länge 00796nam a22001937a 4500
008 - Feld mit fester Länge zur physischen Beschreibung - Allgemeine Angaben
Kontrollfeld mit fester Länge 201127b ||||| |||| 00| 0 eng d
040 ## - Katalogisierungsquelle
Original-Katalogisierungsstelle DE-2950
Katalogisierungssprache ger
Übertragungsstelle DE-2950
Beschreibungsfestlegungen rda
041 ## - Sprachcode
Sprachcode des Textes/der Tonspur oder des separaten Titels ger
100 ## - Person oder Familie als 1. geistiger Schöpfer
Personenname Weber-Rath, Ines:
245 ## - Titel
Haupttitel Anonyme Helfer hören verzweifelten Menschen zu.
Titelzusatz Soziales: Personen, die sich einsam, krank, traurig oder überfordert fühlen, nutzen die Kirchliche Telefonseelsorge gern. Die gibt es in Frankfurt seit 25 Jahren /
Verantwortlichkeitsangabe Ines Weber-Rath
264 ## - Veröffentlichungsangabe, Vertriebsangabe, Herstellungsangabe
Erscheinungs-, Vertriebs-, Herstellungsdatum 2021
653 ## - Lokales Schlagwort
Nicht-normierter Term Frankfurt (Oder)
653 ## - Lokales Schlagwort
Nicht-normierter Term Telefonseelsorge
773 ## - Übergeordnete Einheit
Ort, Verlag und Erscheinungsjahr Frankfurt (Oder) Märkisches Verlags- und Druckhaus GmbH & Co KG
Titel Märkische Oderzeitung
Verknüpfungsangaben 32. Jahrgang (2021) Nr. 282 vom 02.12.2021, S. 13
942 ## - Zusätzliche Felder (Koha)
Koha-Medientyp Aufsätze
Exemplare
Ausgeschieden Verloren Beschädigt Nicht entleihbar Permanenter Standort Aktueller Standort Aufstellungsort Eingabedatum Anzahl Ausleihen Signatur Letzte Aktivität Preis gültig von Medientyp
        Stadtarchiv Frankfurt (Oder) | Archivbibliothek Stadtarchiv Frankfurt (Oder) | Archivbibliothek Magazin 07/12/2021   Z2 07/12/2021 07/12/2021 Aufsätze